| 000 | 00789nam a2200229 i 4500 | ||
|---|---|---|---|
| 001 | 43142 | ||
| 003 | ES-MaACL | ||
| 005 | 20230906160735.0 | ||
| 007 | t| | ||
| 008 | 030317s1984 it |||| |bspa d | ||
| 080 | _a929:82-1 Torre, Fco. de la (ca. 1534.-ca. 1594) | ||
| 100 | 1 |
_aCerrón Puga, María Luisa. _937575 |
|
| 245 | 1 | 3 |
_aEl poeta perdido _b: aproximación a Francisco de la Torre / _cMª Luisa Cerrón Puga. |
| 260 |
_aPisa : _bGiardini, _c[1984] |
||
| 300 |
_a91 p. ; _c24 cm. |
||
| 490 | 1 |
_aCollana di tessti e studi ispanice. II, Saggi ; _v4 |
|
| 500 | _aÍndices. | ||
| 600 | 1 | 4 |
_aTorre, Francisco de la ( _dca. 1534-ca. 1594) _9158877 |
| 830 | 0 |
_aCollana di tessti e studi ispanice. II, Saggi ; _v4 _9229858 |
|
| 852 |
_aES-MaACL _jL-8311 |
||
| 999 |
_c43142 _d43142 |
||